LEADER 01197nam a2200265 u 4500 001 000000076078 003 CaOOAMICUS 005 20070226123154.0 008 031105s1977 gw u000 u ger u 035 $a10974977 040 $aPUL$bita 100 1 $aBrentano, Franz Clemens,$d1838-1917.$0(OLS)http://pul/name/10539 245 14$aDie Abkehr vom Nichtrealen /$cFranz Brentano ; Briefe und Abhandlungen aus den Nachlass, mit einer Einleitung hrsg. von Franziska Mayer-Hillebrand. 260 $aHamburg :$bMeiner,$c1977. 300 $axxvi, 441 p. ;$c19 cm 490 1 $aPhilosophische Bibliothek ;$vBd. 314 500 $aContiene indici. 650 4$aFenomenologia$xCritica e interpretazione.$0(OLS)http://pul/subject/17511 700 1 $aMayer-Hillebrand, Franziska.$0(OLS)http://pul/name/50561 830 0$aPhilosophische Bibliothek ;$vBd. 314.$0(OLS)http://pul/title/13177 850 $aPUL 852 $aPUL$W1$xSL Filosofia 1$y2$m86 B 49$j97779$nBK-PRI$b $qStampati$B97779$CPULBib$Z2$F97779 $H92522 $81 941 1 $a8 996 $6245$aDie Abkehr vom Nichtrealen$9(OLS)http://pul/title/99797 996 $6260$aHamburg :$bMeiner$9(OLS)http://pul/publisher/48261 LEADER 01947nam a2200373 a 4500 001 000000137222 003 CaOOAMICUS 005 20140210101504.0 008 140210s2013 vc a u000 u ita r 020 $a978-88-209-9179-1 040 $aPUL$bita 082 04$a230 100 1 $aStaglianò, Antonio,$cvescovo di Noto,$d1959-$0(OLS)http://pul/name/41444 245 12$aL'abate calabrese :$bfede cattolica nella Trinità e pensiero teologico della storia in Gioacchino da Fiore /$cAntonio Staglianò ; presentazione di S.E. il card. Gianfranco Ravasi ; postfazione di Piero Coda. 260 $aCittà del Vaticano :$bLibreria editrice vaticana,$c©2013. 300 $a231 p. :$bill. ;$c25 cm 490 1 $aItineraria ;$v09 500 $aIn testa alla cop.: Pontificia Academia Theologica. 504 $aInclude riferimenti bibliografici e indice. 600 04$aJoachim de Flore,$dca. 1132-1202$xCritica e interpretazione.$0(OLS)http://pul/subject/5476 700 1 $aRavasi, Gianfranco,$ccard.,$d1942-$0(OLS)http://pul/name/17144 700 1 $aCoda, Piero,$csacerdote,$d1955-$0(OLS)http://pul/name/12631 710 2 $aPontificia Academia Theologica.$0(OLS)http://pul/name/70336 830 0$aItineraria ;$v09.$0(OLS)http://pul/title/142931 850 $aPUL 852 $aPUL$W1$xSL Religione 3$y85$m230 COLL 3.9$j158236$qDDC 21$B157704$CPULBib$Z2$F157704 $H123418 $82 910 $aPontificia Accademia Teologica Romana$970336 910 $aPontificia Accademia Teologica Romana$970336 941 1 $a9 996 $6020$a978-88-209-9179-1$9(OLS)http://pul/number/154394 996 $6082$a230$9(OLS)http://pul/classification/368 996 $6245$aL'abate calabrese :$bfede cattolica nella Trinità e pensiero teologico della storia in Gioacchino da Fiore$9(OLS)http://pul/title/173707 996 $6260$aCittà del Vaticano :$bLibreria editrice vaticana$9(OLS)http://pul/publisher/47920